LEADER 00758nam0-22002891i-450- 001 990000502390403321 005 20071003151354.0 010 $a0-07-038675-7 035 $a000050239 035 $aFED01000050239 035 $a(Aleph)000050239FED01 035 $a000050239 100 $a20020821d1977----km-y0itay50------ba 101 0 $aeng 105 $aa-------001yy 200 1 $aRaman spectroscopy$fD. A. Long 210 $aNew York [etc.]$cMcGraw-Hill$d1977 215 $a276 p.$cill.$d24 cm 610 0 $aSpettroscopia di Raman 676 $a535.846 700 1$aLong,$bDerek Albert 801 0$aIT$bUNINA$gRICA$2UNIMARC 901 $aBK 912 $a990000502390403321 952 $a10 B III 163$bCNR L/57$fDINEL 959 $aDINEL 997 $aUNINA LEADER 01891nam 2200505 a 450 001 9910703278203321 005 20111115160355.0 035 $a(CKB)3460000000109861 035 $a(OCoLC)747503991 035 $a(EXLCZ)993460000000109861 100 $a20110822d2011 ua 0 101 0 $aeng 135 $aurbn||||a|||| 181 $ctxt$2rdacontent 182 $cc$2rdamedia 183 $acr$2rdacarrier 200 10$aGlobal maritime piracy$b[electronic resource] $efueling terrorism, harming trade : hearing before the Subcommittee on Terrorism, Nonproliferation, and Trade of the Committee on Foreign Affairs, House of Representatives, One Hundred Twelfth Congress, first session, June 15, 2011 210 1$aWashington :$cU.S. G.P.O.,$d2011. 215 $a1 online resource (iii, 49 pages) $cillustrations, maps 300 $aTitle from title screen (viewed on Aug. 22, 2011). 300 $aPaper version available for sale by the Supt. of Docs., U.S. G.P.O. 300 $a"Serial no. 112-41." 517 $aGlobal maritime piracy 606 $aPiracy$zSomalia$xPrevention 606 $aPiracy$xPrevention 606 $aPiracy$xGovernment policy$zUnited States 606 $aHijacking of ships$zSomalia$xPrevention 606 $aHijacking of ships$xPrevention 606 $aShipping$xSecurity measures$zSomalia 606 $aShipping$xSecurity measures 606 $aPirates$zSomalia 615 0$aPiracy$xPrevention. 615 0$aPiracy$xPrevention. 615 0$aPiracy$xGovernment policy 615 0$aHijacking of ships$xPrevention. 615 0$aHijacking of ships$xPrevention. 615 0$aShipping$xSecurity measures 615 0$aShipping$xSecurity measures. 615 0$aPirates 801 0$bGPO 801 1$bGPO 906 $aBOOK 912 $a9910703278203321 996 $aGlobal maritime piracy$93454984 997 $aUNINA